000 00283nam a2200097Ia 4500
001 639892
005 20250826153436.0
008 250824s9999 xx 000 0 und d
245 0 _aBİR YAZ GECESİ RÜYASI ANTİK OKUL KLASİKLERİ
_cSHAKESPEARE
260 _bANTİK DÜNYA KLASİKLERİ
999 _c639892
_d639892